000 01574nam0a2200397 4500
001 RU\NLR\BIBL_A\010218923
005 201602161405
010 _a978-5-9903374-1-1
021 _aRU
_b2014-2466
_9151
035 _a(NLR Aleph) 010218923
035 _a(NILC)LIBNET\0000328979
090 _a10313157
_c10313157
100 _a20140317d2011 u y0rusy50 ca
101 0 _arus
_asmi
102 _aRU
105 _aa|||z||||00yy
200 1 _aСаамские узоры
_dСāмь кырьйнэз
_fА. Е. Мозолевская, Е. И. Мечкина
_zsmi
210 _aМурманск
_cРекорд
_d2011
215 _a183, [1] с.
_cил., цв. ил., портр.
_d31
300 _aТекст парал. на рус. и саам. яз.
510 1 _6z20790
_aСамь кырьйнэз
_zsmi
606 1 _aСаамы
_xЭтнографические исследования
_2nlr_sh1
_2nlr_sh2
_3RU\NLR\AUTH\661005102
606 1 _aОрнамент саамский
_2nlr_sh2
_3RU\NLR\AUTH\6601548356
686 1 _aТ52(231=С)-426
686 1 _aЩ124.3(2Р=С)
700 1 _aМозолевская
_bА. Е.
_gАнастасия Елисеевна
701 1 _aМечкина
_bЕ. И.
_f1934-
_gЕкатерина Ивановна
_3RU\NLR\AUTH\770154639
790 1 _6z20
_aМозолевска
_bЕ. Н.
790 1 _6z20
_6z20510
_aМечкина
_bУ. К.
852 _aNLR
_bОНЛ
_jСаам./5-4
942 _cBOOK
980 _aNBR
980 _aNB